United Kingdom (Record no. 114450)
[ view plain ]
| 000 -LEADER | |
|---|---|
| fixed length control field | 00967cad a22002055a 4500 |
| 001 - CONTROL NUMBER | |
| control field | L156852 |
| 008 - FIXED-LENGTH DATA ELEMENTS--GENERAL INFORMATION | |
| fixed length control field | 120720s2012 xxk f 000 0 eng d |
| 035 ## - SYSTEM CONTROL NUMBER | |
| System control number | (Sirsi) u156852 |
| 041 0# - LANGUAGE CODE | |
| Language code of text/sound track or separate title | eng |
| 110 2# - MAIN ENTRY--CORPORATE NAME | |
| Corporate name or jurisdiction name as entry element | International Monetary Fund |
| 9 (RLIN) | 1003 |
| 245 00 - TITLE STATEMENT | |
| Title | United Kingdom |
| Remainder of title | 2012 Article IV consultation |
| Medium | electronic resource] |
| 260 ## - PUBLICATION, DISTRIBUTION, ETC. | |
| Place of publication, distribution, etc. | Washington |
| Name of publisher, distributor, etc. | IMF |
| Date of publication, distribution, etc. | 2012 |
| 490 #0 - SERIES STATEMENT | |
| Series statement | IMF Country Report |
| -- | 12/190 |
| 520 ## - SUMMARY, ETC. | |
| Summary, etc. | Reviews the IMF's view of the UK economy and its recommendations for improving financial stability. Looks at how economic instability has affected the UK residential housing market. Examines factors affecting the housing market such as price to income and sales to stock ratios, housing capacity and completions. |
| 590 ## - LOCAL NOTE (RLIN) | |
| Local note | KA NTK |
| 651 #4 - SUBJECT ADDED ENTRY--GEOGRAPHIC NAME | |
| Geographic name | United Kingdom |
| Chronological subdivision | |
| 690 ## - LOCAL SUBJECT ADDED ENTRY--TOPICAL TERM (OCLC, RLIN) | |
| Topical term or geographic name as entry element | Residential property |
| 9 (RLIN) | 6266 |
| 856 40 - ELECTRONIC LOCATION AND ACCESS | |
| Uniform Resource Identifier | <a href="https://www.imf.org/external/pubs/ft/scr/2012/cr12190.pdf">https://www.imf.org/external/pubs/ft/scr/2012/cr12190.pdf</a> |
| Public note | View the item free of charge from the www.imf.org |
| 942 ## - ADDED ENTRY ELEMENTS (KOHA) | |
| Suppress in OPAC | 0 |
| Withdrawn status | Lost status | Source of classification or shelving scheme | Damaged status | Not for loan | Home library | Current library | Shelving location | Date acquired | Total Checkouts | Full call number | Barcode | Date last seen | Copy number | Price effective from | Koha item type |
|---|---|---|---|---|---|---|---|---|---|---|---|---|---|---|---|
| Dewey Decimal Classification | Virtual | Virtual | Online | 20/07/2012 | ONLINE PUBLICATION | 156852-2001 | 06/08/2019 | 1 | 06/08/2019 | Book |